[Event "GER-chT Lands U20"]
[Site "Tuebingen"]
[Date "2024.10.04"]
[Round "3"]
[White "Bundan, Edward"]
[Black "Goepfert, Gregor"]
[Result "1-0"]
[WhiteElo "1952"]
[BlackElo "1759"]
[PlyCount "113"]
[EventDate "2024.10.03"]
[EventType "team-swiss"]
[EventRounds "7"]
[EventCountry "GER"]
[SourceTitle "CB47_2024"]
[SourceDate "2024.11.20"]
[SourceVersion "1"]
[SourceVersionDate "2024.11.20"]
[SourceQuality "1"]

1. e4 e5 2. Nf3 Nc6 3. Bb5 a6 4. Ba4 Nf6 5. d3 b5 6. Bb3 Bc5 7. 0-0 d6 8. c3 0-0 9. h3 h6 10. Re1 Re8 11. Nbd2 Be6 12. Bc2 Qd7 13. Nf1 d5 14. d4 Bd6 15. Ng3 Rad8 16. dxe5 Nxe5 17. Nxe5 Bxe5 18. f4 Bd6 19. e5 Bc5+ 20. Be3 Bxe3+ 21. Rxe3 Ne4 22. Bxe4 dxe4 23. Qxd7 Rxd7 24. Nxe4 Red8 25. Ree1 Bf5 26. Ng3 Bc2 27. Nf1 c5 28. Rac1 Bd3 29. Nd2 Kf8 30. Nf3 Ke7 31. Rcd1 h5 32. Rd2 Kf8 33. Red1 c4 34. Nd4 Rc8 35. a3 Ke7 36. Kf2 g6 37. Ke3 Ke8 38. Nf3 Rcd8 39. Ne1 Bf5 40. Rxd7 Rxd7 41. Rxd7 Kxd7 42. h4 Kc6 43. Kd4 Bb1 44. Nf3 Bf5 45. Ng5 Be6 46. Nh7 Bg4 47. Nf6 Bf5 48. Nd5 Be6 49. Nf6 Bf5 50. Nh7 Bg4 51. Ng5 Be6 52. Nxe6 fxe6 53. Ke3 Kd5 54. Kf3 Kc5 55. g4 Kd5 56. gxh5 gxh5 57. Ke3 1-0

[Event "GER-ch U16"]
[Site "Willingen"]
[Date "2024.05.21"]
[Round "4"]
[White "Goepfert, Gregor"]
[Black "Asmussen, Johann"]
[Result "1-0"]
[WhiteElo "1732"]
[BlackElo "1567"]
[PlyCount "115"]
[EventDate "2024.05.19"]
[EventType "swiss"]
[EventRounds "9"]
[EventCountry "GER"]
[SourceTitle "CBM 220 Extra"]
[Source "ChessBase"]
[SourceDate "2024.07.31"]
[SourceVersion "1"]
[SourceVersionDate "2024.07.31"]
[SourceQuality "1"]

1. e4 e5 2. Nf3 Nc6 3. Bc4 Bc5 4. c3 Nf6 5. d3 0-0 6. Bg5 d6 7. b4 Bb6 8. a4 a6 9. 0-0 h6 10. Bh4 Be6 11. Nbd2 Ba7 12. Re1 Re8 13. Bb3 Qe7 14. Nc4 Bg4 15. Ne3 g5 16. Bg3 Bxe3 17. Rxe3 Nh5 18. h3 Bd7 19. Nxe5 Nxe5 20. Qxh5 Kg7 21. Rf1 Ng6 22. d4 f6 23. Bc2 Qf7 24. Qe2 a5 25. b5 Rad8 26. f4 b6 27. Qf2 Bc8 28. fxg5 hxg5 29. Rf3 Rf8 30. e5 dxe5 31. dxe5 Rde8 32. Rxf6 Be6 33. Bxg6 Qxf6 34. exf6+ Kxg6 35. Bxc7 Rc8 36. Qxb6 Rxf6 37. Rxf6+ Kxf6 38. Qxa5 g4 39. hxg4 Rh8 40. b6 Re8 41. b7 Bxg4 42. Qe5+ Rxe5 43. Bxe5+ Kf5 44. b8Q Ke4 45. Qb4+ Kf5 46. Qxg4+ Kxg4 47. a5 Kf5 48. a6 Kxe5 49. a7 Kf4 50. a8Q Ke3 51. Qf3+ Kd2 52. g4 Kc2 53. g5 Kb3 54. g6 Kc4 55. g7 Kb5 56. g8Q Ka4 57. Qb7 Ka3 58. Qga8# 1-0

[Event "GER-ch U16"]
[Site "Willingen"]
[Date "2024.05.19"]
[Round "1"]
[White "Goepfert, Gregor"]
[Black "Sauer, Tim"]
[Result "0-1"]
[WhiteElo "1732"]
[BlackElo "2053"]
[PlyCount "83"]
[EventDate "2024.05.19"]
[EventType "swiss"]
[EventRounds "9"]
[EventCountry "GER"]
[SourceTitle "CBM 220 Extra"]
[Source "ChessBase"]
[SourceDate "2024.07.31"]
[SourceVersion "1"]
[SourceVersionDate "2024.07.31"]
[SourceQuality "1"]

1. e4 c5 2. Nf3 e6 3. c3 d5 4. e5 Nc6 5. d3 Nge7 6. Bf4 b5 7. Na3 Qa5 8. Nc2 Ng6 9. Bg3 b4 10. Qd2 bxc3 11. Qxc3 Qb6 12. Rb1 a5 13. Be2 Nb4 14. a3 d4 15. Qd2 Nc6 16. 0-0 a4 17. Rfe1 Be7 18. Bf1 Na5 19. Qd1 Bb7 20. Nd2 Bd5 21. Nc4 Qa6 22. Qe2 0-0 23. Red1 Rfd8 24. Ne1 Rab8 25. Nf3 Rd7 26. Nfd2 Rdb7 27. Nxa5 Qxa5 28. Nc4 Qc7 29. Qe1 Bxc4 30. dxc4 Rxb2 31. Rbc1 R8b3 32. Ra1 Bg5 33. Bd3 Rc3 34. Qe4 Qb7 35. Qg4 Be7 36. h4 Rbb3 37. Be4 Qc7 38. h5 Nf8 39. h6 g6 40. Bf4 Nd7 41. Bxg6 hxg6 42. g3 0-1